Movies/Shows by Antonyms Quiz #1 - Statistics

General Stats
  • This quiz has been taken 782 times
  • The average score is 8 of 14
Answer Stats
Hint Answer % Correct
The Running Alive Walking Dead
94%
Fixing Good Breaking Bad
92%
The Tiger Queen Lion King
90%
The Devil Mother Godfather
87%
Come to the Past Back to the Future
84%
Steel Woman Iron Man
79%
The Dinner Group Breakfast Club
71%
Nerd's Silver Fool's Gold
45%
Husband's Grooms Bride's Maids
43%
Losses of being a Ground Rose Perks of Being a Wall Flower
40%
John Wilkes Boothe Lincoln
35%
Awfulwoman Superman
30%
The Terrible Stay Great Escape
13%
The Bowl Chart Bucket List
1%
No matching quizzes found
Score Distribution
Percent of People with Each Score
Percentile by Number Answered
Your Score History
You have not taken this quiz